| 000 | 00381nam a22001217a 4500 | ||
|---|---|---|---|
| 082 | _a200 THE | ||
| 100 |
_aMishall Fatima _970095 |
||
| 245 | _aTH-SOF-1246-Rule Based Semantic Annotation Extraction from Resumes- Mishall Thesis | ||
| 260 |
_aIslamabad _bNUST College of EME _c2015 |
||
| 650 | _a MS-CSE-12 MSTHESIS | ||
| 700 |
_aSupervison Dr. Farooque Azam _970096 |
||
| 942 | _cCF | ||
| 999 |
_c577139 _d577139 |
||